Recovery and Recycling of Paper : Proceedings of the International Symposium... / Ed. de R.K. Dhir, M.C. Limbachiya, M.D. Newlands.

Salvato in:
Dettagli Bibliografici
Ente Autore: International Symposium [on Recycling and Reuse of Materials] ( University of Dundee)
Altri autori: Dhir, Ravindra K. (edición) (edición), Limbachiya, Mukesh C. (edición) (edición), Newlands, Moray D. (edición) (edición)
Natura: Atti del Convegno Libro
Lingua:inglese
Pubblicazione: Reston, EUA : Thomas Telford, 2001, c2001
Soggetti:
Tags: Aggiungi Tag
Nessun Tag, puoi essere il primo ad aggiungerne!!

MARC

LEADER 00000nam^a2200000^a^4500
001 000147350
005 20250521000000.0
009 20260310095944.418
020 |a 0-7277-2993-4 
037 |a Acervo ITESO - Biblioteca 
041 |a ING 
082 |a 628.  |b SYM 2001 V. 3 
111 |a International Symposium [on Recycling and Reuse of Materials] (  |n 1o :  |d 2001 :  |c University of Dundee) 
245 1 0 |a Recovery and Recycling of Paper :  |b Proceedings of the International Symposium... / Ed. de R.K. Dhir, M.C. Limbachiya, M.D. Newlands. 
264 4 |a Reston, EUA :  |b Thomas Telford,  |c 2001, c2001 
300 |a V, 143 p. 
336 |a texto  |b txt  |2 rdacontenido 
337 |a sin mediación  |b n  |2 rdamedio 
338 |a volumen  |b nc  |2 rdasoporte 
649 |a XX 
650 |a Papel -  |x Tratamiento y Reciclaje 
650 |a Materiales -  |x Tratamiento y Reciclaje 
650 |a Industria de la Celulosa y del Papel 
650 |a Desarrollo Sustentable 
650 |a Conservación y Protección Ambiental 
650 |a Ecología 
650 |a Ingeniería Química 
650 |a Ingeniería Ambiental 
700 |a Dhir, Ravindra K.  |e (edición) 
700 |a Limbachiya, Mukesh C.  |e (edición) 
700 |a Newlands, Moray D.  |e (edición) 
910 |a Fondo General 
920 |a Impresos - Libros 
930 |a Colección General 
905 |a 101 
901 |a 0500076887  |b IT1  |c ACC  |u 20250521 
902 |a https://opac.biblio.iteso.mx/vufind/Record/000147350